000
00317nam a22001337a 4500
008
180924b xxu||||| |||| 00| 0 eng d
020
_a
0443082774
041
_a
eng
080
_a
617
100
_a
6
101
_a
ANE
245
_a
Monitoring in Anesthesia and Critical Care Medicine
_c
Blitt, C.D
942
_2
udc
_c
BK
999
_c
48417
_d
48417